Rammstein Diskografie (1995 - 2022) - Statistiken

Allgemein
  • Dieses Quiz wurde 115 mal gespielt
  • Das Durchschnittsergebnis liegt bei 51 aus 88
Antwortstatistiken
Album Songtitel % Korrekt
Rosenrot Rosenrot
85%
Mutter Sonne
85%
Rammstein Deutschland
84%
Mutter Mutter
84%
Herzeleid Rammstein
83%
Sehnsucht Du Hast
81%
Sehnsucht Engel
81%
Reise, Reise Reise, Reise
81%
Sehnsucht Sehnsucht
81%
Zeit Zeit
81%
Reise, Reise Amerika
80%
Liebe Ist Für Alle Da B********
79%
Herzeleid Herzeleid
79%
Liebe Ist Für Alle Da Liebe Ist Für Alle Da
79%
Zeit Adieu
73%
Rammstein Ausländer
72%
Rammstein Puppe
69%
Zeit Dicke Titten
68%
Mutter Feuer Frei!
68%
Liebe Ist Für Alle Da Pussy
68%
Rammstein Radio
68%
Reise, Reise Mein Teil
67%
Reise, Reise Moskau
67%
Liebe Ist Für Alle Da Rammlied
67%
Herzeleid Du Riechst So Gut
65%
Reise, Reise Ohne Dich
65%
Rosenrot Benzin
64%
Liebe Ist Für Alle Da Haifisch
64%
Mutter Ich Will
63%
Herzeleid Seemann
63%
Herzeleid Wollt Ihr Das Bett In Flammen Sehen
63%
Sehnsucht Bück Dich
61%
Mutter Links 2 3 4
61%
Rosenrot Mann Gegen Mann
61%
Mutter Mein Herz Brennt
60%
Zeit Armee Der Tristen
59%
Sehnsucht Klavier
59%
Reise, Reise Keine Lust
57%
Herzeleid Laichzeit
57%
Herzeleid Weisses Fleisch
57%
Reise, Reise Dalai Lama
56%
Liebe Ist Für Alle Da Wiener Blut
56%
Zeit Zick Zack
56%
Liebe Ist Für Alle Da Frühling In Paris
55%
Mutter Nebel
55%
Mutter Spieluhr
55%
Sehnsucht Alter Mann
53%
Reise, Reise Amour
53%
Herzeleid Asche Zu Asche
53%
Herzeleid Der Meister
53%
Sehnsucht Eifersucht
53%
Zeit Giftig
53%
Rammstein Hallomann
53%
Herzeleid Heirate Mich
53%
Liebe Ist Für Alle Da Ich Tu Dir Weh
53%
Zeit OK
53%
Zeit Schwarz
53%
Reise, Reise Stein Um Stein
53%
Liebe Ist Für Alle Da Waidmanns Heil
53%
Mutter Zwitter
53%
Zeit Angst
52%
Rammstein Diamant
52%
Rosenrot Ein Lied
52%
Mutter Adios
51%
Reise, Reise Los
51%
Mutter Rein Raus
51%
Liebe Ist Für Alle Da Roter Sand
51%
Rammstein Tattoo
51%
Rosenrot Feuer Und Wasser
49%
Reise, Reise Morgenstern
49%
Rammstein Sex
49%
Sehnsucht Tier
48%
Rammstein Zeig Dich
48%
Zeit Meine Tränen
47%
Zeit Lügen
45%
Sehnsucht Bestrafe Mich
44%
Rammstein Weit Weg
44%
Sehnsucht Spiel Mit Mir
43%
Herzeleid Das Alte Leid
41%
Rosenrot Hilf Mir
41%
Rosenrot Spring
41%
Rosenrot Te Quiero Puta!
41%
Sehnsucht Küss Mich (Fellfrosch)
40%
Rosenrot Zerstören
39%
Liebe Ist Für Alle Da Mehr
37%
Rammstein Was Ich Liebe
37%
Rosenrot Wo Bist Du
32%
Rosenrot Stirb Nicht Vor Mir (Don't Die Before I Do)
29%
Keine übereinstimmenden Quizze gefunden
Verteilung der Resultate
Anzahl Personen mit jedem Resultat
Perzentil nach korrekt beantworteten Fragen
Ihre Resultats-Entwicklung
Sie haben dieses Quiz noch nicht gespielt